<?xml version="1.0" encoding="UTF-8"?><?xml-stylesheet type="text/xsl" href="static/style.xsl"?><OAI-PMH xmlns="http://www.openarchives.org/OAI/2.0/" xmlns:xsi="http://www.w3.org/2001/XMLSchema-instance" xsi:schemaLocation="http://www.openarchives.org/OAI/2.0/ http://www.openarchives.org/OAI/2.0/OAI-PMH.xsd"><responseDate>2026-06-04T05:55:24Z</responseDate><request verb="GetRecord" identifier="oai:riubu.ubu.es:10259/11767" metadataPrefix="marc">https://riubu.ubu.es/oai/request</request><GetRecord><record><header><identifier>oai:riubu.ubu.es:10259/11767</identifier><datestamp>2026-06-02T00:05:33Z</datestamp><setSpec>com_10259_3725</setSpec><setSpec>com_10259_5086</setSpec><setSpec>com_10259_2604</setSpec><setSpec>col_10259_3726</setSpec></header><metadata><record xmlns="http://www.loc.gov/MARC21/slim" xmlns:doc="http://www.lyncode.com/xoai" xmlns:xsi="http://www.w3.org/2001/XMLSchema-instance" xmlns:dcterms="http://purl.org/dc/terms/" xsi:schemaLocation="http://www.loc.gov/MARC21/slim http://www.loc.gov/standards/marcxml/schema/MARC21slim.xsd">
<leader>00925njm 22002777a 4500</leader>
<datafield tag="042" ind1=" " ind2=" ">
<subfield code="a">dc</subfield>
</datafield>
<datafield tag="720" ind1=" " ind2=" ">
<subfield code="a">Fuente Anuncibay, Raquel de la</subfield>
<subfield code="e">author</subfield>
</datafield>
<datafield tag="720" ind1=" " ind2=" ">
<subfield code="a">González Barbadillo, Ángela</subfield>
<subfield code="e">author</subfield>
</datafield>
<datafield tag="720" ind1=" " ind2=" ">
<subfield code="a">Ortega Sánchez, Delfín</subfield>
<subfield code="e">author</subfield>
</datafield>
<datafield tag="720" ind1=" " ind2=" ">
<subfield code="a">Ordóñez Camblor, Nuria</subfield>
<subfield code="e">author</subfield>
</datafield>
<datafield tag="720" ind1=" " ind2=" ">
<subfield code="a">Pizarro Ruiz, Juan Pablo</subfield>
<subfield code="e">author</subfield>
</datafield>
<datafield tag="260" ind1=" " ind2=" ">
<subfield code="c">2021-03</subfield>
</datafield>
<datafield tag="520" ind1=" " ind2=" ">
<subfield code="a">(1) Background: Different investigations relate mindfulness practice as a strategy to cope&#xd;
with and improve negative repetitive thinking states and forgiveness. (2) Methods: The aim is to&#xd;
analyze the mediating processes of mindfulness as a trait and the changes in the anger rumination on&#xd;
forgiveness. This sample comprised 264 undergraduate students (M = 24.13 years, SD = 11.39). The&#xd;
instruments used were the Anger Rumination Scale (ARS), the Five Facet Mindfulness Questionnaire&#xd;
(FFMQ) and the Heartland Forgiveness Scale (HFS). For data analysis, the spillover effect was&#xd;
calculated using 10,000 bootstrap samples for the bootstrap confidence intervals (CI). (3) Conclusions:&#xd;
The results confirm that the relationship between mindfulness practice and forgiveness is mediated&#xd;
by changes in mindfulness trait and anger rumination. Given the results obtained, it is considered&#xd;
appropriate to extend the study to samples from other countries, as well as to contexts of depressive&#xd;
rumination or anxiety.</subfield>
</datafield>
<datafield tag="024" ind2=" " ind1="8">
<subfield code="a">https://hdl.handle.net/10259/11767</subfield>
</datafield>
<datafield tag="024" ind2=" " ind1="8">
<subfield code="a">10.3390/ijerph18052668</subfield>
</datafield>
<datafield tag="024" ind2=" " ind1="8">
<subfield code="a">1660-4601</subfield>
</datafield>
<datafield ind1=" " ind2=" " tag="653">
<subfield code="a">Anger rumination</subfield>
</datafield>
<datafield ind1=" " ind2=" " tag="653">
<subfield code="a">Mindfulness</subfield>
</datafield>
<datafield ind1=" " ind2=" " tag="653">
<subfield code="a">Forgiveness</subfield>
</datafield>
<datafield ind1=" " ind2=" " tag="653">
<subfield code="a">Mediation</subfield>
</datafield>
<datafield tag="245" ind1="0" ind2="0">
<subfield code="a">Anger Rumination and Mindfulness: Mediating Effects on Forgiveness</subfield>
</datafield>
</record></metadata></record></GetRecord></OAI-PMH>